Aktuárske metódy v dôchodkovom poistení

Teoretický prehľad niektorých aktuárskych výpočtov v dôchodkovom poistení. Dôchodkové poistenie v súčasnosti. Penzijné fondy. Proces valuácie. Metódy fondovania. Kompetitívny a nekompetitívny model, nazývaný tiež model konsenzu.

Guardado en:
Detalles Bibliográficos
Autor principal: Škrovánková, Lea, 1954-
Otros Autores: Poláček, Štefan, 1984-, Simonka, Zsolt, 1974-
Formato: Capítulo de libro
Lenguaje:eslovaco
Materias:
Etiquetas: Agregar Etiqueta
Sin Etiquetas, Sea el primero en etiquetar este registro!

MARC

LEADER 00000nla$a2200000$$$4500
001 0119962
005 20240502072336.1
041 0 |a slo 
044 |a SK 
245 1 0 |a Aktuárske metódy v dôchodkovom poistení  |c Lea Škrovánková, Štefan Poláček, Zsolt Simonka 
520 |a Teoretický prehľad niektorých aktuárskych výpočtov v dôchodkovom poistení. Dôchodkové poistenie v súčasnosti. Penzijné fondy. Proces valuácie. Metódy fondovania. Kompetitívny a nekompetitívny model, nazývaný tiež model konsenzu. 
610 2 0 |a matematika 
610 2 0 |a matematika poistná 
610 2 0 |a funkcie matematické 
610 2 0 |a metódy aktuárske 
610 2 0 |a modely matematické 
610 2 0 |a vzorce 
610 2 0 |a poistenie dôchodkové 
610 2 0 |a fondy penzijné 
610 2 0 |a fond poistný 
610 2 0 |a štatistika poistná 
100 1 |a Škrovánková, Lea, 1954- 
700 1 |a Poláček, Štefan, 1984- 
700 1 |a Simonka, Zsolt, 1974-